[Event "2. Open Sub 2200 Rutas de Cuenca 2015"]
[Site "Cuenca ESP"]
[Date "2015.06.20"]
[Round "5.6"]
[White "Navarro Cabrera, Carlos"]
[Black "Molano Lafuente, Ismael"]
[Result "0-1"]
[WhiteElo "1810"]
[BlackElo "2045"]
[PlyCount "46"]
[EventDate "2015.06.19"]
[EventType "swiss"]
[EventRounds "7"]
[EventCountry "ESP"]
[Source "lmi"]
[SourceDate "2015.06.19"]

1. Nf3 d5 2. d4 e6 3. c4 c6 4. g3 f5 5. Bg2 Nf6 6. O-O Bd6 7. Qc2 O-O 8. b3 Qe7
9. Bb2 Ne4 10. Nc3 Nd7 11. Nd2 Nxd2 12. Qxd2 f4 13. Bf3 Qf6 14. e4 fxe3 15.
fxe3 Qh6 16. Qd3 Nf6 17. e4 dxc4 18. bxc4 e5 19. d5 Bh3 20. Bc1 Bc5+ 21. Kh1 g5
22. Re1 Ng4 23. Bxg4 Bg2+ 0-1

[Event "2. Open Sub 2200 Rutas de Cuenca 2015"]
[Site "Cuenca ESP"]
[Date "2015.06.20"]
[Round "5.7"]
[White "Carruana Fuentes, Rafael"]
[Black "Elizondo, Marquet Juan Marcos"]
[Result "1-0"]
[WhiteElo "2015"]
[BlackElo "1809"]
[PlyCount "51"]
[EventDate "2015.06.19"]
[EventType "swiss"]
[EventRounds "7"]
[EventCountry "ESP"]
[Source "lmi"]
[SourceDate "2015.06.19"]

1. d4 d5 2. Nf3 Nf6 3. c4 dxc4 4. e3 Bg4 5. Bxc4 e6 6. O-O Nbd7 7. Nc3 c5 8.
Be2 Be7 9. h3 Bh5 10. d5 exd5 11. Nxd5 O-O 12. Nf4 Bg6 13. Nxg6 hxg6 14. b3 Qb6
15. Bb2 Rfd8 16. Qc2 Nd5 17. a3 Bf6 18. Bc4 Bxb2 19. Qxb2 Qf6 20. Qc2 Ne5 21.
Nxe5 Qxe5 22. Rad1 a6 23. a4 Rab8 24. a5 b5 25. axb6 Rxb6 26. e4 1-0

[Event "2. Open Sub 2200 Rutas de Cuenca 2015"]
[Site "Cuenca ESP"]
[Date "2015.06.20"]
[Round "5.8"]
[White "Fernandez Cano, Victor"]
[Black "Alvarez Serrano, Carlos"]
[Result "0-1"]
[WhiteElo "1955"]
[BlackElo "2004"]
[PlyCount "60"]
[EventDate "2015.06.19"]
[EventType "swiss"]
[EventRounds "7"]
[EventCountry "ESP"]
[Source "lmi"]
[SourceDate "2015.06.19"]

1. Nf3 Nf6 2. d4 g6 3. c4 Bg7 4. Nc3 O-O 5. e4 d6 6. Be2 Nbd7 7. O-O e5 8. a3
a5 9. Rb1 exd4 10. Nxd4 Nc5 11. f3 a4 12. Be3 c6 13. Qc2 Qc7 14. Rfd1 Re8 15.
Qd2 Rd8 16. Nc2 Be6 17. Ne1 Qa5 18. Qc2 b6 19. Kh1 Qa6 20. Nd3 Qa7 21. Nxc5
bxc5 22. e5 Ne8 23. exd6 Nxd6 24. Qd2 Rd7 25. Qe1 Bd4 26. Qg1 Nf5 27. Bf2 Rad8
28. Ne4 Kg7 29. Nxc5 Qxc5 30. Bxd4+ Nxd4 0-1

[Event "2. Open Sub 2200 Rutas de Cuenca 2015"]
[Site "Cuenca ESP"]
[Date "2015.06.20"]
[Round "5.10"]
[White "Fornieles Gomez, Antonio"]
[Black "Garcia Amoros, Pablo"]
[Result "1/2-1/2"]
[WhiteElo "1996"]
[BlackElo "2169"]
[PlyCount "72"]
[EventDate "2015.06.19"]
[EventType "swiss"]
[EventRounds "7"]
[EventCountry "ESP"]
[Source "lmi"]
[SourceDate "2015.06.19"]

1. d4 Nf6 2. Nf3 d6 3. b3 g6 4. Bb2 Bg7 5. Nbd2 O-O 6. e4 Bg4 7. h3 Bxf3 8.
Qxf3 c6 9. Be2 Nbd7 10. g4 c5 11. c3 Ne8 12. Qe3 a6 13. h4 h6 14. f4 b5 15. h5
e5 16. hxg6 fxg6 17. dxe5 dxe5 18. f5 g5 19. Nf3 Qe7 20. Rd1 Ndf6 21. Nxg5 hxg5
22. Qxg5 Nd5 23. Qg6 Nf4 24. Qh7+ Kf7 25. g5 Rh8 26. Qxh8 Bxh8 27. Rxh8 Rd8 28.
Rh7+ Ng7 29. f6 Rxd1+ 30. Bxd1 Qd6 31. Rxg7+ Kf8 32. g6 Qd3 33. Rf7+ Ke8 34.
Re7+ Kd8 35. g7 Qe3+ 36. Kf1 Qh3+ 1/2-1/2

[Event "2. Open Sub 2200 Rutas de Cuenca 2015"]
[Site "Cuenca ESP"]
[Date "2015.06.20"]
[Round "5.11"]
[White "Ruiz Bellon, Manuel"]
[Black "Martin Rodriguez, Emilio"]
[Result "1/2-1/2"]
[WhiteElo "1866"]
[BlackElo "2118"]
[PlyCount "130"]
[EventDate "2015.06.19"]
[EventType "swiss"]
[EventRounds "7"]
[EventCountry "ESP"]
[Source "lmi"]
[SourceDate "2015.06.19"]

1. e4 e6 2. d3 d5 3. Nd2 Nf6 4. Ngf3 Nc6 5. c3 dxe4 6. dxe4 Bc5 7. Be2 e5 8. h3
a5 9. a4 O-O 10. Qc2 Qe7 11. O-O Nh5 12. Nc4 Ng3 13. Re1 Nxe2+ 14. Qxe2 b6 15.
Ne3 Bxe3 16. Bxe3 Ba6 17. Qc2 Rad8 18. Rad1 f6 19. Rxd8 Rxd8 20. Rd1 Rd6 21.
Rxd6 Qxd6 22. Qb3+ Kf8 23. Qd5 Qxd5 24. exd5 Ne7 25. d6 Nf5 26. dxc7 Nxe3 27.
fxe3 Ke7 28. Kf2 Kd7 29. c8=Q+ Kxc8 30. h4 Kd7 31. Ke1 Bb7 32. Kd2 Ke6 33. Ke2
Kf5 34. Kf2 Kg4 35. Nd2 Bd5 36. e4 Be6 37. g3 g6 38. Nf1 Bd7 39. Ne3+ Kh3 40.
Nd5 Bxa4 41. Nxf6 Bc2 42. Nxh7 b5 43. Nf6 b4 44. cxb4 axb4 45. Nd7 Bxe4 46.
Nxe5 Bc2 47. Kf3 b3 48. Nf7 Kh2 49. Ng5 Kg1 50. Ne4 Kh2 51. g4 Kh3 52. h5 gxh5
53. gxh5 Bd1+ 54. Ke3 Bxh5 55. Kd4 Bg6 56. Nd2 Bf7 57. Kc3 Kg4 58. Nxb3 Kf5 59.
Nc5 Ke5 60. Kb4 Kd6 61. Ne4+ Kc6 62. Ka5 Bd5 63. Nd2 Kb7 64. b4 Bc6 65. Nc4 Kc7
1/2-1/2

[Event "2. Open Sub 2200 Rutas de Cuenca 2015"]
[Site "Cuenca ESP"]
[Date "2015.06.20"]
[Round "5.12"]
[White "Mayer Schwartz, Rene"]
[Black "Moreno Culebras, Rafael"]
[Result "1-0"]
[WhiteElo "2090"]
[BlackElo "2006"]
[PlyCount "91"]
[EventDate "2015.06.19"]
[EventType "swiss"]
[EventRounds "7"]
[EventCountry "ESP"]
[Source "lmi"]
[SourceDate "2015.06.19"]

1. Nf3 f5 2. e4 fxe4 3. Ng5 Nf6 4. d3 e5 5. Nc3 Bb4 6. dxe4 h6 7. Nh3 d6 8. Qd3
a6 9. Bd2 Be6 10. Be2 Qd7 11. Ng1 Qf7 12. a3 Bc5 13. Be3 Nbd7 14. h3 O-O-O 15.
O-O-O Nh5 16. g3 g5 17. Bg4 Ng7 18. Be2 Kb8 19. Na4 b5 20. Nxc5 Nxc5 21. Bxc5
dxc5 22. Qe3 Rxd1+ 23. Bxd1 Rd8 24. Nf3 Qe7 25. Nxe5 Qd6 26. f4 Bxh3 27. Nf7
gxf4 28. gxf4 Qd4 29. Qxh3 Rd7 30. Ne5 Rd6 31. Qf3 Ne6 32. Nf7 Qd2+ 33. Kb1 Nd4
34. Qd3 Qxd3 35. cxd3 Rf6 36. Nxh6 Rxf4 37. Ng4 Ka7 38. Kc1 Kb6 39. Kd2 Nf3+
40. Ke3 Rxg4 41. Bxf3 Rg6 42. e5 a5 43. Be4 Re6 44. Kf4 a4 45. Rg1 b4 46. Rg6
1-0

[Event "2. Open Sub 2200 Rutas de Cuenca 2015"]
[Site "Cuenca ESP"]
[Date "2015.06.20"]
[Round "5.13"]
[White "Lopez Escribano, Oscar"]
[Black "Suarez Triguero, Jose Alfonso"]
[Result "1/2-1/2"]
[WhiteElo "1673"]
[BlackElo "2082"]
[PlyCount "140"]
[EventDate "2015.06.19"]
[EventType "swiss"]
[EventRounds "7"]
[EventCountry "ESP"]
[Source "lmi"]
[SourceDate "2015.06.19"]

1. d4 Nf6 2. Nf3 d6 3. Bf4 h6 4. h3 c5 5. c3 cxd4 6. cxd4 Bf5 7. Nc3 Nbd7 8.
Qb3 Qb6 9. Qxb6 Nxb6 10. e3 Rc8 11. Bb5+ Bd7 12. O-O Nbd5 13. Bxd7+ Kxd7 14.
Nxd5 Nxd5 15. Bg3 Nf6 16. Rac1 Rxc1 17. Rxc1 Ne4 18. Bh2 g6 19. Ne1 Bg7 20. f3
Nf6 21. Nd3 Rc8 22. Rxc8 Kxc8 23. Kf2 Nd7 24. b3 d5 25. Ke2 Bf8 26. e4 e6 27.
Bf4 f6 28. Bd2 Bd6 29. Bxh6 Kd8 30. exd5 exd5 31. Bf4 Be7 32. Bd2 Bd6 33. Bb4
Bc7 34. Nc5 Nxc5 35. dxc5 Kd7 36. Bc3 Ke6 37. g4 g5 38. Kd3 Bg3 39. b4 Be5 40.
a4 a6 41. Bd2 Bc7 42. Be1 b6 43. h4 gxh4 44. Bxh4 b5 45. axb5 axb5 46. Bf2 Bf4
47. Be3 Be5 48. f4 Bb2 49. Bd4 Bc1 50. f5+ Ke7 51. Bc3 Bf4 52. Bd2 Be5 53. Be3
Bb2 54. Bf4 Kd7 55. g5 fxg5 56. Bxg5 Be5 57. Be3 Ke7 58. Bd4 Bg3 59. Bc3 Bf2
60. f6+ Ke6 61. Bd4 Be1 62. Bc3 Bf2 63. Ke2 Bg1 64. Kf3 d4 65. Bd2 Kxf6 66. c6
Ke6 67. Bf4 d3 68. Ke4 Bh2 69. Bd2 Kd6 70. Kxd3 Kxc6 1/2-1/2

[Event "2. Open Sub 2200 Rutas de Cuenca 2015"]
[Site "Cuenca ESP"]
[Date "2015.06.20"]
[Round "5.14"]
[White "Nadal Fajardo, Ricard"]
[Black "Soares, Luis Francisco Alme"]
[Result "1/2-1/2"]
[WhiteElo "1912"]
[BlackElo "2006"]
[PlyCount "86"]
[EventDate "2015.06.19"]
[EventType "swiss"]
[EventRounds "7"]
[EventCountry "ESP"]
[Source "lmi"]
[SourceDate "2015.06.19"]

1. e4 c5 2. Nc3 a6 3. a4 e6 4. Nf3 d5 5. exd5 exd5 6. d4 cxd4 7. Qxd4 Nf6 8.
Bg5 Be7 9. Ne5 Nc6 10. Nxc6 bxc6 11. Bd3 O-O 12. O-O h6 13. Bf4 Bd6 14. Bxd6
Qxd6 15. Qh4 Rb8 16. Rab1 Rb4 17. Qg3 Qd8 18. h3 Nh5 19. Qf3 Qg5 20. Ne2 Nf4
21. Nxf4 Rxf4 22. Qg3 Qxg3 23. fxg3 Rxa4 24. b3 Rb4 25. Ra1 Rb6 26. Ra5 Re8 27.
Rfa1 Kf8 28. g4 Ke7 29. Bxa6 Bxa6 30. Rxa6 Rxa6 31. Rxa6 Kd6 32. Kf2 Re6 33. b4
Ke5 34. Ke3 g5 35. c3 Rf6 36. Rb6 Re6 37. Ra6 Rd6 38. Rb6 d4+ 39. cxd4+ Rxd4
40. Rxc6 Re4+ 41. Kf3 Rxb4 42. Rxh6 Rb3+ 43. Kf2 f6 1/2-1/2

[Event "2. Open Sub 2200 Rutas de Cuenca 2015"]
[Site "Cuenca ESP"]
[Date "2015.06.20"]
[Round "5.15"]
[White "Cebrian Flores, Juan Antonio"]
[Black "Trabazos Gallego, Javier"]
[Result "0-1"]
[WhiteElo "2005"]
[BlackElo "1923"]
[PlyCount "76"]
[EventDate "2015.06.19"]
[EventType "swiss"]
[EventRounds "7"]
[EventCountry "ESP"]
[Source "lmi"]
[SourceDate "2015.06.19"]

1. d4 Nf6 2. c4 c5 3. d5 e6 4. Nc3 exd5 5. cxd5 d6 6. e4 g6 7. f4 Bg7 8. Nf3
Bg4 9. Be2 O-O 10. O-O Re8 11. h3 Bxf3 12. Bxf3 a6 13. a4 Nbd7 14. Re1 Rc8 15.
Be3 Qa5 16. g4 Kh8 17. Bf2 Ng8 18. Kg2 Qd8 19. h4 Ne7 20. Rh1 Ng8 21. h5 g5 22.
e5 dxe5 23. fxg5 Qxg5 24. Ne4 Qe7 25. d6 Qf8 26. Ng3 Re6 27. Nf5 e4 28. Be2 Be5
29. Bc4 Rf6 30. Bh4 Rxf5 31. gxf5 Nh6 32. f6 Bd4 33. Qb3 Qxd6 34. Bxf7 Nxf7 35.
Qxf7 Rg8+ 36. Kh3 Qf4 37. Qxg8+ Kxg8 38. f7+ Qxf7 0-1

[Event "2. Open Sub 2200 Rutas de Cuenca 2015"]
[Site "Cuenca ESP"]
[Date "2015.06.20"]
[Round "5.16"]
[White "Colliga Lopez, Victor"]
[Black "Tevar Becerra, Alvaro"]
[Result "1/2-1/2"]
[WhiteElo "1999"]
[BlackElo "1870"]
[PlyCount "60"]
[EventDate "2015.06.19"]
[EventType "swiss"]
[EventRounds "7"]
[EventCountry "ESP"]
[Source "lmi"]
[SourceDate "2015.06.19"]

1. e4 e5 2. Nf3 Nc6 3. Bc4 Be7 4. d4 d6 5. c3 Nf6 6. Nbd2 O-O 7. h3 Kh8 8. Bd3
Ng8 9. Qc2 g6 10. dxe5 Nxe5 11. Nxe5 dxe5 12. Nc4 Bd6 13. Ne3 Ne7 14. g4 Be6
15. Bd2 Qd7 16. Nf5 gxf5 17. gxf5 Nxf5 18. exf5 Bd5 19. Be4 Qc6 20. f3 f6 21.
O-O-O Bxe4 22. fxe4 Rg8 23. Rde1 Rg2 24. Qb3 Rag8 25. Qe6 Bc5 26. Qxc6 bxc6 27.
Kd1 Rf2 28. Rhf1 Rh2 29. Rf3 Rgg2 30. Rd3 Kg8 1/2-1/2

[Event "2. Open Sub 2200 Rutas de Cuenca 2015"]
[Site "Cuenca ESP"]
[Date "2015.06.21"]
[Round "6.1"]
[White "Roig Aguilar, Alejandro"]
[Black "Prieto Aranguren, Alain"]
[Result "1-0"]
[WhiteElo "2199"]
[BlackElo "2167"]
[PlyCount "129"]
[EventDate "2015.06.19"]
[EventType "swiss"]
[EventRounds "7"]
[EventCountry "ESP"]
[Source "lmi"]
[SourceDate "2015.06.19"]

1. d4 Nf6 2. c4 g6 3. Nc3 Bg7 4. e4 d6 5. Nf3 O-O 6. Be2 e5 7. d5 a5 8. Bg5 h6
9. Be3 Ng4 10. Bd2 Na6 11. h3 Nf6 12. Be3 Nd7 13. Qd2 Kh7 14. g4 Ndc5 15. Rg1
Qe7 16. O-O-O f5 17. gxf5 gxf5 18. exf5 Bxf5 19. Rg3 Rf7 20. Rdg1 b6 21. Ne1
Nb4 22. Bxc5 bxc5 23. Bh5 Bf6 24. Bxf7 Qxf7 25. a3 Na6 26. Nc2 Bh4 27. Rg7+
Qxg7 28. Rxg7+ Kxg7 29. Ne3 Bg6 30. Ncd1 Nb8 31. Qe2 h5 32. Nf5+ Bxf5 33. Qxh5
Nd7 34. Qxf5 Nf6 35. Ne3 Rf8 36. Kc2 Nh7 37. Qg4+ Bg5 38. h4 Rxf2+ 39. Kb1 Rf4
40. Qg3 Kg6 41. hxg5 Nxg5 42. b3 Kf6 43. Kb2 Nf3 44. Ng2 Rf5 45. Nh4 Nxh4 46.
Qxh4+ Kg6 47. b4 axb4 48. axb4 cxb4 49. Kb3 Rf4 50. Qe7 Rf7 51. Qe8 Kf6 52.
Kxb4 Re7 53. Qf8+ Rf7 54. Qh6+ Ke7 55. Qe6+ Kf8 56. Kb5 Re7 57. Qf6+ Ke8 58.
Qg6+ Kf8 59. Qe4 Kf7 60. Kc6 Kf8 61. c5 dxc5 62. Kxc5 Ke8 63. Kc6 Kd8 64. Qb4
Ke8 65. Qxe7+ 1-0

[Event "2. Open Sub 2200 Rutas de Cuenca 2015"]
[Site "Cuenca ESP"]
[Date "2015.06.21"]
[Round "6.2"]
[White "Sanchez Barbado, Carlos"]
[Black "Carruana Fuentes, Rafael"]
[Result "1-0"]
[WhiteElo "2153"]
[BlackElo "2015"]
[PlyCount "86"]
[EventDate "2015.06.19"]
[EventType "swiss"]
[EventRounds "7"]
[EventCountry "ESP"]
[Source "lmi"]
[SourceDate "2015.06.19"]

1. e4 e5 2. Nf3 Nc6 3. Nc3 Nf6 4. d4 exd4 5. Nxd4 Bb4 6. Nxc6 bxc6 7. Bd3 O-O
8. O-O Re8 9. Qf3 h6 10. Bd2 d6 11. h3 Nd7 12. Qg3 Qf6 13. a3 Ba5 14. Rae1 Bb6
15. Ne2 Nc5 16. Bc3 Qg5 17. Qf3 Nxd3 18. Qxd3 Bd7 19. Kh1 Re6 20. f4 Qh4 21.
Qg3 Qxg3 22. Nxg3 Rae8 23. f5 R6e7 24. Bxg7 Kxg7 25. f6+ Kg6 26. fxe7 Rxe7 27.
c3 Re5 28. Nf5 h5 29. Nh4+ Kg7 30. Nf3 Re8 31. e5 d5 32. Ng5 Re7 33. Nf3 Re8
34. Nd4 c5 35. Nf5+ Kg6 36. Ng3 Be6 37. Rf6+ Kg5 38. Nf1 d4 39. Nd2 Bd5 40. c4
Ba8 41. Ne4+ Bxe4 42. h4+ Kxh4 43. Rxe4+ Kg5 1-0

[Event "2. Open Sub 2200 Rutas de Cuenca 2015"]
[Site "Cuenca ESP"]
[Date "2015.06.21"]
[Round "6.3"]
[White "Molano Lafuente, Ismael"]
[Black "Aziz Ortego, Omar Luis"]
[Result "1-0"]
[WhiteElo "2045"]
[BlackElo "2121"]
[PlyCount "117"]
[EventDate "2015.06.19"]
[EventType "swiss"]
[EventRounds "7"]
[EventCountry "ESP"]
[Source "lmi"]
[SourceDate "2015.06.19"]

1. f4 d5 2. Nf3 Nf6 3. e3 g6 4. d4 Nbd7 5. Nbd2 c5 6. c3 Bg7 7. Bd3 b6 8. O-O
Bb7 9. Qe1 Qc7 10. Ne5 e6 11. Qh4 a6 12. Ndf3 h6 13. Bd2 Ne4 14. Rac1 c4 15.
Bc2 Nf8 16. Qe1 h5 17. Nh4 Bf6 18. Nef3 Qd8 19. g3 Nd7 20. Bxe4 dxe4 21. Ne5
Bxh4 22. gxh4 Bd5 23. Qg3 Nf8 24. f5 exf5 25. Nc6 Qf6 26. Nb4 Qe6 27. Qc7 Nd7
28. Be1 O-O 29. Bg3 Rac8 30. Qf4 Bb7 31. d5 Qf6 32. Rcd1 Rfe8 33. Rd4 Rc5 34.
d6 a5 35. Nc2 Ne5 36. d7 Rd8 37. Rfd1 Nf3+ 38. Kf2 Nxd4 39. Rxd4 Bc6 40. Rd6
Qe7 41. Nd4 Bxd7 42. Rxb6 Be8 43. Kg2 Kh7 44. Qf2 f6 45. Kg1 Bd7 46. Bd6 Qe5
47. Bxe5 fxe5 48. Qg3 Be8 49. Qg5 Rd7 50. Ne6 Rcd5 51. Nf8+ Kg8 52. Nxd7 Rxd7
53. Qf6 f4 54. Rb8 Rd1+ 55. Kf2 fxe3+ 56. Ke2 Rd2+ 57. Ke1 Rf2 58. Rxe8+ Kh7
59. Rh8# 1-0

[Event "2. Open Sub 2200 Rutas de Cuenca 2015"]
[Site "Cuenca ESP"]
[Date "2015.06.21"]
[Round "6.5"]
[White "Alvarez Serrano, Carlos"]
[Black "Jimenez Almeida, Luis David"]
[Result "0-1"]
[WhiteElo "2004"]
[BlackElo "2185"]
[PlyCount "64"]
[EventDate "2015.06.19"]
[EventType "swiss"]
[EventRounds "7"]
[EventCountry "ESP"]
[Source "lmi"]
[SourceDate "2015.06.19"]

1. Nf3 Nf6 2. g3 d5 3. Bg2 e6 4. c4 Be7 5. O-O O-O 6. d4 dxc4 7. Ne5 Nc6 8.
Bxc6 bxc6 9. Nxc6 Qe8 10. Nxe7+ Qxe7 11. Qa4 e5 12. dxe5 Qxe5 13. Nc3 Be6 14.
Bf4 Qc5 15. Qb5 Qb6 16. Be3 Qxb5 17. Nxb5 Nd5 18. Bd4 c5 19. Bxc5 Rfb8 20. Na3
Rxb2 21. Nxc4 Rxe2 22. Na5 Nc3 23. a3 Re5 24. Bb4 Ne2+ 25. Kg2 Bd5+ 26. f3 g5
27. Kh3 Rc8 28. Rad1 h5 29. Rf2 Bxf3 30. Re1 Rce8 31. Nc4 Re4 32. Nd6 Rh4+ 0-1

[Event "2. Open Sub 2200 Rutas de Cuenca 2015"]
[Site "Cuenca ESP"]
[Date "2015.06.21"]
[Round "6.6"]
[White "Trabazos Gallego, Javier"]
[Black "Serna Lara, Sergio"]
[Result "0-1"]
[WhiteElo "1923"]
[BlackElo "2166"]
[PlyCount "98"]
[EventDate "2015.06.19"]
[EventType "swiss"]
[EventRounds "7"]
[EventCountry "ESP"]
[Source "lmi"]
[SourceDate "2015.06.19"]

1. Nf3 Nf6 2. g3 b5 3. Bg2 Bb7 4. d3 d5 5. O-O e6 6. Bg5 Be7 7. Nbd2 O-O 8. Rc1
c5 9. c4 dxc4 10. dxc4 b4 11. Nb3 Nbd7 12. Qc2 a5 13. Rcd1 a4 14. Nc1 Qc8 15.
Bf4 Be4 16. Qd2 Rd8 17. Nd3 Qb7 18. Qc1 h6 19. Nfe1 a3 20. b3 Bxg2 21. Nxg2 Ne4
22. Bd2 Bf6 23. f3 Bd4+ 24. Kh1 Nxd2 25. Qxd2 Bc3 26. Qc2 Qc6 27. Nf2 Nf6 28.
Rxd8+ Rxd8 29. Rd1 Rd4 30. Rxd4 Bxd4 31. Ne4 Nd7 32. Ne1 f5 33. Nd2 Nf6 34. Ng2
Kf7 35. Qd3 Ke7 36. Nf1 g5 37. h3 Qd6 38. e3 Bc3 39. Qe2 Kf7 40. e4 fxe4 41.
fxe4 Qd4 42. e5 Qxe5 43. Nge3 Bd4 44. Qf3 Qe4 45. Kg2 Bxe3 46. Nxe3 Qb1 47.
Qb7+ Kg6 48. Qc8 Qxa2+ 49. Kf3 Qxb3 0-1

[Event "2. Open Sub 2200 Rutas de Cuenca 2015"]
[Site "Cuenca ESP"]
[Date "2015.06.21"]
[Round "6.7"]
[White "Monmeneu Chulia, Victor"]
[Black "Mayer Schwartz, Rene"]
[Result "1-0"]
[WhiteElo "2068"]
[BlackElo "2090"]
[PlyCount "59"]
[EventDate "2015.06.19"]
[EventType "swiss"]
[EventRounds "7"]
[EventCountry "ESP"]
[Source "lmi"]
[SourceDate "2015.06.19"]

1. Nc3 d5 2. e4 dxe4 3. Nxe4 e5 4. Nf3 Nc6 5. Bc4 Be7 6. d3 h6 7. h3 Nf6 8. Be3
Nd5 9. Bd2 Be6 10. Bb5 f5 11. Ng3 Bd6 12. Qe2 Qf6 13. Nh5 Qf7 14. Nxe5 Bxe5 15.
Qxe5 O-O-O 16. Bxc6 bxc6 17. O-O g5 18. Rae1 Bd7 19. Ng3 Rde8 20. Qd4 Kb8 21.
c4 Nb6 22. a4 g4 23. hxg4 fxg4 24. a5 Nc8 25. a6 h5 26. Rxe8 Rxe8 27. Ne4 Bf5
28. Re1 Bxe4 29. Rxe4 Rxe4 30. Qxe4 1-0

[Event "2. Open Sub 2200 Rutas de Cuenca 2015"]
[Site "Cuenca ESP"]
[Date "2015.06.21"]
[Round "6.8"]
[White "Suarez Triguero, Jose Alfonso"]
[Black "Pastor Jimenez, Daniel"]
[Result "1/2-1/2"]
[WhiteElo "2082"]
[BlackElo "1973"]
[PlyCount "85"]
[EventDate "2015.06.19"]
[EventType "swiss"]
[EventRounds "7"]
[EventCountry "ESP"]
[Source "lmi"]
[SourceDate "2015.06.19"]

1. e4 c5 2. c4 Nc6 3. Ne2 g6 4. d4 cxd4 5. Nxd4 Bg7 6. Be3 d6 7. Nc3 Nf6 8. Be2
O-O 9. O-O a6 10. Rc1 Bd7 11. f3 Qa5 12. Qd2 Rfc8 13. Rfd1 Nxd4 14. Bxd4 Bc6
15. Be3 b5 16. cxb5 axb5 17. Nd5 Qxd2 18. Rxd2 Nxd5 19. exd5 Bd7 20. Rxc8+ Rxc8
21. b3 Rc1+ 22. Kf2 b4 23. Bd3 Bc8 24. Rc2 Rxc2+ 25. Bxc2 Bc3 26. Ke2 Bb7 27.
Bd2 Bxd2 28. Kxd2 Bxd5 29. Be4 Be6 30. Ke3 f5 31. Bc6 Kf7 32. Kd4 Kf6 33. Bd5
Bxd5 34. Kxd5 e5 35. Kc4 Ke6 36. Kxb4 d5 37. Kc5 e4 38. Kd4 Kd6 39. f4 Kc6 40.
a4 Kb6 41. b4 Ka6 42. g3 Kb6 43. Ke3 1/2-1/2

[Event "2. Open Sub 2200 Rutas de Cuenca 2015"]
[Site "Cuenca ESP"]
[Date "2015.06.21"]
[Round "6.9"]
[White "Garcia Amoros, Pablo"]
[Black "Soriano Pallas, Rafael"]
[Result "1-0"]
[WhiteElo "2169"]
[BlackElo "1913"]
[PlyCount "90"]
[EventDate "2015.06.19"]
[EventType "swiss"]
[EventRounds "7"]
[EventCountry "ESP"]
[Source "lmi"]
[SourceDate "2015.06.19"]

1. e4 c5 2. Nf3 d6 3. Bb5+ Bd7 4. Bxd7+ Qxd7 5. O-O Nc6 6. d4 cxd4 7. Nxd4 Nf6
8. Re1 g6 9. c4 Bg7 10. Nc3 O-O 11. Nc2 Rfd8 12. Bd2 Rac8 13. b3 Qe8 14. f4 e5
15. g3 Qe6 16. Qf3 exf4 17. gxf4 Qg4+ 18. Kf2 Qxf3+ 19. Kxf3 Nd7 20. Rad1 Nc5
21. Nd5 Ne6 22. Bc3 Bxc3 23. Nxc3 f6 24. h4 Rc7 25. Rd2 Kf7 26. Red1 Rcd7 27.
Nb5 Ke7 28. Ne3 h6 29. h5 a6 30. Nc3 g5 31. Nf5+ Kf8 32. fxg5 Ne5+ 33. Kg3 Nxg5
34. Rxd6 Rxd6 35. Rxd6 Rxd6 36. Nxd6 b6 37. Nd5 Nd7 38. Kf4 Nf7 39. Nxf7 Kxf7
40. Ne3 Nc5 41. Nf5 Nd3+ 42. Ke3 Nb4 43. a4 Nc2+ 44. Kd2 Nb4 45. Nxh6+ Kf8 1-0

[Event "2. Open Sub 2200 Rutas de Cuenca 2015"]
[Site "Cuenca ESP"]
[Date "2015.06.21"]
[Round "6.10"]
[White "Martin Rodriguez, Emilio"]
[Black "Nadal Fajardo, Ricard"]
[Result "1/2-1/2"]
[WhiteElo "2118"]
[BlackElo "1912"]
[PlyCount "62"]
[EventDate "2015.06.19"]
[EventType "swiss"]
[EventRounds "7"]
[EventCountry "ESP"]
[Source "lmi"]
[SourceDate "2015.06.19"]

1. d4 Nf6 2. c4 c6 3. Nc3 d5 4. Nf3 e6 5. Bg5 Be7 6. e3 Nbd7 7. Qc2 O-O 8. Bd3
h6 9. cxd5 exd5 10. Bf4 Re8 11. O-O Nh5 12. Nxd5 Nxf4 13. Nxf4 Bd6 14. Ne2 Nf6
15. e4 Bc7 16. h3 Qe7 17. Nc3 Nh5 18. e5 Nf4 19. Bf5 Be6 20. Qe4 g5 21. Bxe6
Qxe6 22. Ne2 f5 23. Nxf4 fxe4 24. Nxe6 Rxe6 25. Nd2 Rd8 26. Nb3 b6 27. Rfe1 c5
28. Rxe4 cxd4 29. Nxd4 Rxe5 30. Rxe5 Bxe5 31. Nc6 Bxb2 1/2-1/2